000 00652nam a2200241Ia 4500
005 20260430150413.0
008 008 250103s9999 xx 000 0 eng d
037 _aTheses
040 _aCRL
040 _beng
040 _ceng
041 _2eng
041 _aeng
084 _qCRL
100 _aDubey Saurabh Au.; Tiwari Sanjeev Kumar Gu.
_91237399
245 0 _aNigeria- Russia Relations Under Globalisation (1991-2018)
260 _c2023
300 _a177p.
650 _aSocial Sciences
700 _aUniversity of Delhi. Faculty of Social Sciences. Deptt. of African Studies
_91237400
942 _cTH
999 _c1849700
_d1849700